000 nam a22 a 4500
999 _c4563
_d4563
003 AKMAL
005 20170601083750.0
008 170601s2004 my | g i l001 | eng d
020 _a9678915596 (pbk.) :
_cRM27.50
040 _cAKMAL
082 0 4 _a346.595066 COM
_222
090 0 0 _a346.595066
_bCOM
110 2 _aMalaysia
_9400
240 1 0 _aAkta Syarikat, 1965.
_lEnglish
245 1 0 _aCompanies Act 1965 (Act 125) & Subsidiary Legislation :
_b(as at 25th November 2004) /
_ccompiled by Legal Research Board
260 _aPetaling Jaya :
_bInternational Law Book Services,
_c2004
300 _a529p. ;
_c24cm.
440 0 _aLaws of Malaysia
_91830
650 1 0 _aCorporation law
_zMalaysia
_93947
650 2 0 _aCommercial law
_zMalaysia
_93703
710 2 _aLembaga Penyelidikan Undang-Undang
_98798
942 _2ddc
_cBOOK